| 000 | 01636cam a2200277zu 4500 | ||
|---|---|---|---|
| 001 | 45007915 | ||
| 003 | FRCYB45007915 | ||
| 005 | 20251020123331.0 | ||
| 006 | m o d | ||
| 007 | cr un | ||
| 008 | 251020s2005 fr | o|||||0|0|||fre d | ||
| 020 | _a9782844502681 | ||
| 035 | _aFRCYB45007915 | ||
| 040 |
_aFR-PaCSA _bfr _c _erda |
||
| 100 | 1 | _aLafleur, Marie-Rose | |
| 245 | 0 | 1 |
_aLang a fanm Ou ce que le créole dit des femmes ! _c['Lafleur, Marie-Rose'] |
| 264 | 1 |
_bIbis Rouge _c2005 |
|
| 300 | _a p. | ||
| 336 |
_btxt _2rdacontent |
||
| 337 |
_bc _2rdamdedia |
||
| 338 |
_bc _2rdacarrier |
||
| 650 | 0 | _a | |
| 700 | 0 | _aLafleur, Marie-Rose | |
| 856 | 4 | 0 |
_2Cyberlibris _uhttps://international.scholarvox.com/netsen/book/45007915 _qtext/html _a |
| 520 | _aAprès le succès de Pa ban gaz, une étude sur le créole des jeunes, Marie-Rose Lafleur nous revient avec une étude de l'image des femmes dans la littérature orale et la culture populaire. Pour ce faire, elle est partie du lexique des devinettes, des proverbes, des contes, des chansons folkloriques et des croyances. De son analyse socio-anthropologique sur le statut de la femme aux Antilles françaises, elle dégage deux images de la femme, la femme mère, pilier de la famille, qui atteint dans la culture populaire la « consécration », c'est Marie qui s'oppose à Eve, « fanm, sé kabann a sèpan ». Dans cette deuxième représentation, la femme est perçue comme dangereuse et est affublée de stéréotypes négatifs et le plus souvent dévalorisée. Illustrations de la couverture et de l'intérieur: Christophe Lefaivre. | ||
| 999 |
_c1553805 _d1553805 |
||